| 000 | 01052nam a2200229 i 4500 | ||
|---|---|---|---|
| 001 | 82824 | ||
| 003 | ES-MaACL | ||
| 005 | 20250712081857.0 | ||
| 007 | t| | ||
| 008 | 041112s1962 sp ||||1| spa d | ||
| 080 | _a631.4:061.31(460.187 S.) | ||
| 110 | 2 |
_aInstituto Nacional de Edafología y Agrobiología. Reunión ( _n1ª. _d1958. _cSalamanca) _95150 |
|
| 245 | 1 | 0 | _aActas de la primera reunión plenaria del Instituto de Edafología y Agrobiología del Consejo Superior de Investigaciones Científicas. |
| 260 |
_aSalamanca : _b[Secretariado de Publicaciones e Intercambio Científico de la Universidad de Salamanca], _c1962. |
||
| 300 |
_a534 p. : _b7 tab. pleg., 1 mapa pleg., il. ; _c24 cm. |
||
| 490 | 1 |
_aActa Salmanticensia. Serie nueva de ciencias ; _v5 |
|
| 650 | 4 |
_aEdafología- _vCongresos y asambleas. _9176359 |
|
| 710 | 2 |
_aUniversidad de Salamanca. _bSecretariado de Publicaciones e Intercambio Científico. _97289 |
|
| 830 | 1 | 0 |
_aActa Salmanticensia _v5 _9181394 |
| 852 | 4 |
_aES-MaACL _jC-30155 |
|
| 999 |
_c82824 _d82824 |
||